00619nam a2200217Ia 4500003000900000008004100009040001300050040001300063041000900076100002000085245002800105250001100133260001300144260000900157300001100166300001000177490000600187942000700193999001700200952018400217IT-RoPAU120407s9999 xx 000 0 und d aIT-RoPAU cIT-RoPAU alat  aFiorenzo Romita aJus musicae liturgicae. aTorino aMarietti c1936 a319 p. c21 cm v1 cBK c32450d32450 00102ddc406264_200000000000000_971aPAULUSbPAULUSd2012-04-11l0o264.2.9r2012-04-11 00:00:00w2012-04-11yBKzInserito da: In data: n.d. fondo: Via A.Severo 56 Progr:16210